00635nam a22001697a 450000500170000000800410001702000180005804100080007608200160008410000220010024500870012226000350020930000080024436500190025252001790027165000150045020241227143649.0241226b |||||||| |||| 00| 0 eng d a9781849944748 aEng a746.44bPIL aPile Jessica Jane aFashion Embroidery: Embroidery Techniques & Inspiration for Haute-Couture Clothing aUnited KingdombBatsfordc2018 a144 b2077.50cRs.00 a1. Introduction 2. Embroidery in fashion 3. Do it yourself 4. Basic embroidery stitches 5. Silk shading 6. Goldwork 7. Tambour beading 8. Using other materials 9. Moving on  aEmbroidery